Balance of Payments Compilation Guide.

A companion document to the fifth edition of the Balance of Payments Manual, the Balance of Payments Compilation Guide shows how the conceptual framework described in the Manual may be implemented in practice. The primary purpose of the Guide is to provide practical guidance for using sources and me...

詳細記述

書誌詳細
団体著者: International Monetary Fund
フォーマット: 雑誌
言語:English
出版事項: Washington, D.C. : International Monetary Fund, 1998.
オンライン・アクセス:Full text available on IMF
LEADER 01964cas a2200205 a 4500
001 AALejournalIMF012321
008 230101c9999 xx r poo 0 0eng d
020 |z 9781557757463 
040 |a BD-DhAAL  |c BD-DhAAL 
110 2 |a International Monetary Fund. 
240 1 0 |a Balance of Payments Compilation Guide.  |l Arabic 
245 1 0 |a Balance of Payments Compilation Guide. 
264 1 |a Washington, D.C. :  |b International Monetary Fund,  |c 1998. 
300 |a 1 online resource (412 pages) 
500 |a <strong>Off-Campus Access:</strong> No User ID or Password Required 
500 |a <strong>On-Campus Access:</strong> No User ID or Password Required 
506 |a Electronic access restricted to authorized BRAC University faculty, staff and students 
520 3 |a A companion document to the fifth edition of the Balance of Payments Manual, the Balance of Payments Compilation Guide shows how the conceptual framework described in the Manual may be implemented in practice. The primary purpose of the Guide is to provide practical guidance for using sources and methods to compile statistics on the balance of payments and the international investment position. The Guide is designed to assist experienced and aspiring balance of payments compilers and statisticians in understanding the relative strengths and weaknesses of various approaches. The material reflects the emergence of new data sources and adaptations in the application of statistical methodologies to changing circumstances. Discussed in the Guide are all of the tasks that a BOP compiler normally performs. Appendices contain a set of model BOP questionaires and a set of model BOP publication tables. Relationships between the balance of payments statistics and relevant aspects of national accounts are covered as well. 
538 |a Mode of access: Internet 
856 4 0 |z Full text available on IMF  |u http://elibrary.imf.org/view/books/071/00544-9781557757463-ar/00544-9781557757463-ar-book.xml  |z IMF e-Library